Jeux-vidéos de Paradox Interactive - Statistiques

Statistiques générales
  • Ce quiz a été pris 78 fois
    30 depuis la dernière actualisation
  • Le résultat moyen est 4 sur 18
Statistiques - réponses
Indice Jeu % Correct
Jeu de stratégie basé sur les dynasties Crusader Kings
85%
Jeu de stratégie à l'aube de la Renaissance Europa Universalis
85%
Jeu de stratégie sur la seconde guerre mondiale Hearts of Iron
65%
Gestion de ville Cities
54%
Jeu de stratégie au début de l'époque contemporaine Victoria
50%
Jeu de stratégie débutant en l'an 2200 Stellaris
46%
Jeu de grande stratégie à l'antiquité Imperator: Rome
35%
Jeu de simulation de ville sur une autre planète Surviving Mars
15%
Jeu de stratégie à Chicago Empire of Sin
4%
Adaptation d'un jeu de plateau Diplomatie
0%
Jeu de construction d'usine optimisée dans un monde en voxels infini Foundry
0%
Jeu de stratégie sur l'Europe médiévale Knights of Honor
0%
Jeu d'aventure sur la civilisation nordique Magicka
0%
Jeu de stratégie centré sur le bassin méditerranéen March of the Eagles
0%
Action-RPG médiéval Mount and Blade
0%
Jeu de rôle de fantasy Pillars of Eternity
0%
Jeu de stratégie centré sur le Japon Sengoku
0%
Jeu de stratégie sur l'histoire de la Suède Svea Rike
0%
Aucun quiz correspondant
Distribution des résultats
% des personnes avec chaque résultat
Percentile par nombre de réponses
Votre historique - résultats
Vous n’avez pas pris ce quiz depuis la dernière actualisation